[Event "Tourn. n9409"]
[Site "www.chess-mail.com"]
[Date "2017.08.03"]
[Round "1"]
[White "Falcoale"]
[Black "Astroboy"]
[WhiteElo "2020"]
[BlackElo "2089"]
[Result "0-1"]
[Round "1"]
1.e4 c5
2.Ng1f3 d6
3.Bf1c4 a6
4.d4 b5
5.Bc4e2 Qd8c7
6.O-O Ng8f6
7.e5 dxe5
8.dxe5 Nf6g4
9.h3 Ng4xe5
10.Nf3xe5 Qc7xe5
11.Rf1e1 Qe5c7
12.Nb1c3 e6
13.Be2f3 Nb8c6
14.Bc1e3 Bc8b7
15.Qd1e2 Bf8e7
16.Ra1d1 O-O
17.Rd1d2 Ra8d8
18.Nc3e4 Nc6e5
19.Be3f4 Ne5xf3
20.Qe2xf3 e5
21.Rd2xd8 Rf8xd8
22.Bf4g3 c4
23.Qf3e3 Be7f8
24.Ne4g5 Qc7c6
25.Ng5f3 f6
26.c3 Rd8d3
27.Qe3e2 Qc6d7
28.Re1c1 Bb7xf3
29.gxf3 Qd7xh3
30.Qe2e4 Bf8c5
31.Qe4a8 Kf7
32.Qa8b7 Kg6
33.Qb7e4 Kf7
34.Qe4b7 Rd3d7
35.Qb7xa6 Qh3xg3
{ resign }
0-1

[Event "Tourn. n9414"]
[Site "www.chess-mail.com"]
[Date "2017.08.03"]
[Round "1"]
[White "Passaroa25"]
[Black "Madz123456"]
[WhiteElo "1660"]
[BlackElo "1730"]
[Result "1-0"]
[Round "1"]
1.e4 c5
2.c3 d5
3.d3 Nb8c6
4.e5 Nc6xe5
5.Bc1f4 Ne5g6
6.Bf4g3 e5
7.Ng1e2 Bf8d6
8.Nb1d2 Ng8f6
9.Qd1a4 Bc8d7
10.Qa4c2 O-O
11.f3 Qd8a5
12.Nd2b3 Qa5a6
13.Ne2c1 Bd7f5
14.Bf1e2 c4
15.Nb3d2 Nf6h5
16.Bg3f2 Nh5f4
17.O-O Nf4xe2
18.Nc1xe2 cxd3
19.Qc2c1 dxe2
20.Rf1e1 d4
21.c4 Ng6f4
22.Bf2g3 d3
23.b3  { time }
1-0

[Event "Tourn. n9436"]
[Site "www.chess-mail.com"]
[Date "2017.08.03"]
[Round "1"]
[White "Pachi"]
[Black "Hansen"]
[WhiteElo "1560"]
[BlackElo "1550"]
[Result "0-1"]
[Round "1"]
1.e4 d5
2.f3 d4
3.c4 d3
4.Qd1b3 e5
5.Bf1xd3 Nb8c6
6.Ng1e2 Nc6d4
7.Ne2xd4 Qd8xd4
8.Nb1c3 Bf8c5
9.Rh1f1 b6
10.Nc3b5 Qd4d7
11.Nb5c3 c6
12.Qb3d1 Qd7xd3
13.a3 Bc8a6
14.b3 b5
15.Qd1e2 Qd3c2
16.b4 Bc5d4
17.f4 Ng8f6
18.fxe5 Nf6d7
19.Rf1f4 bxc4
20.Qe2h5 Nd7xe5
21.Nc3e2 Ne5d3
22.Kf1 Qc2d1
{ resign }
0-1

[Event "Tourn. n9358"]
[Site "www.chess-mail.com"]
[Date "2017.08.03"]
[Round "1"]
[White "A27l"]
[Black "Madz123456"]
[WhiteElo "1360"]
[BlackElo "1500"]
[Result "1-0"]
[Round "1"]
1.Ng1f3 d5
2.e3 c6
3.h3 Bc8f5
4.d4 e6
5.Bf1d3 Ng8f6
6.Bd3xf5 exf5
7.O-O Nb8d7
8.Nb1c3 Bf8d6
9.Nf3h2 Nf6e4
10.Nc3xe4 fxe4
11.f3 Qd8e7
12.f4 f5
13.Bc1d2 O-O-O
14.a3 Qe7e6
15.Bd2e1 Rd8g8
16.Be1b4 Bd6c7
17.Bb4e1 g5
18.g3 Qe6h6
19.Qd1e2 Qh6xh3
20.Qe2g2 Qh3xg2
21.Kxg2 gxf4
22.exf4 h5
23.Kf2 h4
24.Ke2 hxg3
25.Be1xg3 Rg8xg3
26.Rf1h1 Rg3g2
27.Kf1 Rh8xh2
28.Rh1xh2 Rg2xh2
29.Ra1a2 e3
30.c3 e2
31.Ke1  { time }
1-0

[Event "Tourn. n9400"]
[Site "www.chess-mail.com"]
[Date "2017.08.03"]
[Round "1"]
[White "Ffdd65"]
[Black "Orhany24"]
[WhiteElo "2150"]
[BlackElo "2240"]
[Result "1-0"]
[Round "1"]
1.e4 e5
2.Ng1f3 Nb8c6
3.b3 d5
4.exd5 Qd8xd5
5.Bf1c4 Qd5d8
6.Bc1b2 Bc8g4
7.h3 Bg4h5
8.g4 Bh5g6
9.Nf3xe5 Nc6xe5
10.Bb2xe5 Ng8f6
11.Qd1e2 Bf8e7
12.d3 O-O
13.f4 h6
14.f5 Bg6h7
15.Nb1d2 c6
16.d4 Nf6d5
17.Qe2f3 Be7h4
18.Kf1 Qd8g5
19.Nd2e4 Qg5e3
20.Qf3e2 Rf8e8
21.Bc4xd5 Qe3xe2
22.Kxe2 cxd5
23.Ne4d6 Re8e7
24.Kd3 f6
25.Be5f4 g5
26.Bf4h2 Kg7
27.Rh1g1 Ra8d8
28.c4 dxc4
29.bxc4 Bh7g8
30.Rg1g2 Bg8f7
31.a4 b6
32.a5 Bf7e8
33.c5 Be8c6
34.Rg2e2 Re7xe2
35.Kxe2 bxc5
36.dxc5 a6
37.Ra1b1 Rd8d7
38.Rb1b6 Bc6d5
39.c6 { resign }
1-0

[Event "Tourn. n9437"]
[Site "www.chess-mail.com"]
[Date "2017.08.03"]
[Round "1"]
[White "Seger"]
[Black "Obisporey"]
[WhiteElo "2700"]
[BlackElo "2590"]
[Result "0-1"]
[Round "1"]
1.d4 Ng8f6
2.c4 e6
3.Nb1c3 Bf8b4
4.Qd1c2 d5
5.cxd5 exd5
6.Bc1f4 c5
7.dxc5 Nb8c6
8.e3 Qd8a5
9.Ng1f3 Nf6e4
10.Bf1d3 Ne4xc3
11.O-O Nc3e4
12.Bd3xe4 dxe4
13.Qc2xe4 Bc8e6
14.Nf3d4 Bb4xc5
15.Nd4xc6 bxc6
16.Qe4xc6 Ke7
17.Qc6b5 Qa5xb5
{ resign }
0-1

[Event "Tourn. n9410"]
[Site "www.chess-mail.com"]
[Date "2017.08.03"]
[Round "1"]
[White "Griffo30"]
[Black "Falcoale"]
[WhiteElo "2030"]
[BlackElo "2020"]
[Result "0-1"]
[Round "1"]
1.e4 c5
2.b3 Nb8c6
3.Bc1b2 e6
4.Bf1b5 a6
5.Bb5xc6 bxc6
6.d3 Bc8b7
7.Ng1f3 d5
8.e5 Ng8e7
9.O-O Ne7g6
10.Nb1d2 d4
11.Nd2c4 Bf8e7
12.Rf1e1 O-O
13.Ra1c1 Ng6f4
14.Nc4d2 Qd8c7
15.Rc1b1 Nf4d5
16.Nd2e4 Nd5b4
17.a3 Nb4d5
18.Nf3d2 f5
19.Ne4g3 Nd5f4
20.Nd2c4 a5
21.Bb2c1 Nf4d5
22.Bc1d2 Qc7d8
23.f4 Bb7a6
24.Nc4xa5 Qd8c7
25.Na5c4 Nd5b6
26.Bd2a5 Ba6xc4
27.bxc4 Ra8xa5
28.Rb1b3 Rf8a8
29.Qd1a1 Qc7a7
30.Re1b1 Be7d8
31.Ng3f1 Ra5xa3
32.Rb3xa3 Qa7xa3
33.Qa1xa3 Ra8xa3
34.Nf1d2 Kf7
35.Rb1b2 Ra3a6
36.Kf2 h6
37.g3 g5
38.h3 Nb6a4
39.Rb2a2 Ra6a5
40.Ke2 Na4c3
{ resign }
0-1

[Event "Match"]
[Site "www.echecsemail.com"]
[Date "2017.08.03"]
[Round "1"]
[White "Krystek23"]
[Black "Joseph1983"]
[WhiteElo "2380"]
[BlackElo "2180"]
[Result "1-0"]
[Round "1"]
1.c4 e6
2.Nb1c3 d5
3.d4 Ng8f6
4.e3 c5
5.Ng1f3 Nb8c6
6.a3 Bf8d6
7.dxc5 Bd6xc5
8.b4 Bc5e7
9.Bc1b2 O-O
10.cxd5 exd5
11.Ra1c1 Bc8g4
12.Bf1e2 a6
13.h3 Bg4xf3
14.Be2xf3 d4
15.exd4 Nc6xd4
16.O-O Nd4xf3
17.Qd1xf3 b5
18.Rf1d1 Qd8b6
19.Nc3e2 Ra8c8
20.Ne2d4 Rf8d8
21.Rc1xc8 Rd8xc8
22.Nd4f5 Be7d8
23.Qf3d3 g6
24.Nf5h6 Kg7
25.Nh6xf7 Kxf7
26.Bb2xf6 Kxf6
27.Qd3f3 Kg7
28.Rd1d7 Kh6
29.Qf3f8 { resign }
1-0

[Event "1/8 Finale"]
[Site "www.chess-mail.com"]
[Date "2017.08.03"]
[Round "1"]
[White "Asoka"]
[Black "Nimzo"]
[WhiteElo "2710"]
[BlackElo "2860"]
[Result "0-1"]
[Round "1"]
1.d4 d5
2.c4 e6
3.Nb1c3 Bf8e7
4.Bc1f4 Ng8f6
5.e3 O-O
6.Qd1c2 c5
7.dxc5 Be7xc5
8.Ng1f3 Nb8c6
9.a3 Qd8a5
10.Ra1d1 Rf8e8
11.Nf3d2 e5
12.Bf4g5 Nc6d4
13.Qc2b1 Bc8f5
14.Bf1d3 Bf5xd3
15.Qb1xd3 Nf6e4
16.Nc3xe4 dxe4
17.Qd3xe4 Qa5b6
18.Rd1b1 h6
19.Bg5h4 g5
20.b4 Bc5f8
21.Bh4g3 Ra8d8
22.Rb1d1 Bf8g7
23.Qe4b1 Qb6c6
24.f3 e4
25.fxe4 Nd4f5
26.Bg3f2 Nf5d6
27.b5 Qc6c5
28.Ke2 Nd6xe4
29.Nd2xe4 Qc5xc4
30.Kf3 f5
31.g3 fxe4
32.Kg2 Rd8d3
33.Rh1f1 Rd3xa3
34.Rd1d7 Ra3b3
35.Qb1a2 Qc4xb5
36.Rf1b1 Qb5xd7
37.Qa2xb3 Qd7f7
38.Qb3xb7 a5
39.Qb7a6 Re8f8
40.Rb1f1 Qf7f3
41.Kg1 Rf8f5
42.Qa6d6 h5
43.Qd6d8 Kh7
44.Qd8d1 Rf5f7
{ resign }
0-1

[Event "Fast Game"]
[Site "www.echecsemail.com"]
[Date "2017.08.03"]
[Round "1"]
[White "Cjood"]
[Black "Pyssso"]
[WhiteElo "1710"]
[BlackElo "1599"]
[Result "0-1"]
[Round "1"]
1.e4 e5
2.Ng1f3 Nb8c6
3.Bf1c4 Bf8c5
4.O-O Ng8f6
5.Nb1c3 O-O
6.d3 h6
7.a3 d6
8.b4 Bc5b6
9.Nc3a4 Bc8g4
10.h3 Bg4h5
11.c3 d5
12.Bc4b3 dxe4
13.dxe4 Qd8e7
14.Rf1e1 Ra8d8
15.Qd1c2 Bh5xf3
16.gxf3 Qe7d7
17.Kg2 g5
18.Na4xb6 axb6
19.Bc1e3 Kh7
20.Ra1d1 Qd7e7
21.Rd1xd8 Nc6xd8
22.Kg3 Nf6h5
23.Kh2 Nd8e6
24.Bb3xe6 Qe7xe6
25.Re1g1 Qe6f6
26.Qc2d2 Rf8d8
27.Be3xg5 Rd8xd2
28.Bg5xf6 Nh5xf6
29.Kg3 Nf6h5
30.Kg4 Nh5f4
31.h4 Kg6
32.c4 h5
33.Kg3 Nf4e2
{ resign }
0-1

[Event "Tourn. n9450"]
[Site "www.chess-mail.com"]
[Date "2017.08.04"]
[Round "1"]
[White "Lucaschess"]
[Black "Astroboy"]
[WhiteElo "2080"]
[BlackElo "2290"]
[Result "0-1"]
[Round "1"]
1.e4 d5
2.Nb1c3 d4
3.Nc3e2 e5
4.Ne2g3 Ng8f6
5.Bf1c4 c5
6.d3 Nb8c6
7.Ng1e2 Bf8d6
8.f4 h5
9.h4 Nf6g4
10.f5 Bd6e7
11.c3 Be7xh4
12.Qd1b3 O-O
13.Qb3c2 Bc8d7
14.Rh1h3 Nc6a5
15.Bc4d5 Ra8c8
16.c4 b5
17.b3 bxc4
18.bxc4 Na5c6
19.a3 Qd8f6
20.Ne2g1 Bh4xg3
21.Rh3xg3 Qf6h4
22.Ng1e2 Nc6a5
23.Bc1b2 Ng4e3
{ resign }
0-1

[Event "Tourn. n9434"]
[Site "www.chess-mail.com"]
[Date "2017.08.04"]
[Round "1"]
[White "Prize64"]
[Black "Picifarkinca"]
[WhiteElo "2130"]
[BlackElo "2030"]
[Result "0-1"]
[Round "1"]
1.e4 c6
2.d4 d5
3.Nb1d2 dxe4
4.Nd2xe4 Bc8f5
5.Ne4g3 Bf5g6
6.h4 h6
7.Ng1f3 e6
8.Nf3e5 Bg6h7
9.c3 Nb8d7
10.Qd1f3 Ng8f6
11.Bf1c4 Nd7b6
12.Bc4b3 Bf8e7
13.Bc1d2 O-O
14.Ng3h5 Nf6xh5
15.Qf3xh5 Nb6d5
16.g4 Nd5f6
17.Ne5xf7 Rf8xf7
18.Qh5e5 Rf7f8
19.g5 Nf6g4
20.Qe5xe6 Kh8
21.Qe6xg4 Bh7f5
 { time }
0-1

[Event "Tourn. n9416"]
[Site "www.chess-mail.com"]
[Date "2017.08.04"]
[Round "1"]
[White "Guidom"]
[Black "Jesmantiz"]
[WhiteElo "2120"]
[BlackElo "2150"]
[Result "0-1"]
[Round "1"]
1.e4 c5
2.Ng1f3 Nb8c6
3.c3 a6
4.d4 e6
5.d5 Nc6a7
6.c4 Qd8c7
7.Bf1e2 Bf8d6
8.Nb1c3 Ng8e7
9.Bc1e3 Ne7g6
10.Qd1d2 Ng6f4
11.O-O e5
12.Be3xf4 exf4
13.Be2d3 O-O
14.Rf1e1 f6
15.h3 b5
16.b3 b4
17.Nc3a4 Bc8b7
18.Nf3h4 Bd6e5
19.Nh4f5 Be5xa1
20.Re1xa1 Qc7e5
21.Ra1d1 d6
22.Na4b6 Ra8d8
23.Nf5h4 Qe5h5
24.Nh4f3 g5
25.Nf3h2 Na7c8
26.Nb6xc8 Bb7xc8
27.f3 Qh5f7
28.Qd2f2 h5
29.g4 Kg7
30.Qf2g2 Rf8h8
31.Kf2 Qf7e7
32.Qg2g1 Qe7e5
33.Bd3e2 Qe5b2
34.Rd1a1 Qb2d2
35.Qg1c1 Qd2d4
36.Kg2 hxg4
37.Nh2xg4 Bc8xg4
38.hxg4 Rh8h2
{ resign }
0-1

[Event "Tourn. n9406"]
[Site "www.chess-mail.com"]
[Date "2017.08.04"]
[Round "1"]
[White "Nulladies"]
[Black "Falcoale"]
[WhiteElo "1940"]
[BlackElo "2020"]
[Result "1-0"]
[Round "1"]
1.d4 Ng8f6
2.Bc1f4 e6
3.Ng1f3 b6
4.e3 Bc8b7
5.Nb1d2 Bf8e7
6.Ra1c1 O-O
7.Bf1d3 d5
8.Nf3e5 Nb8d7
9.O-O Nd7xe5
10.dxe5 Nf6d7
11.Qd1g4 Bb7c8
12.Bf4h6 g6
13.Bh6xf8 Qd8xf8
14.f4 Nd7c5
15.Bd3e2 f5
16.Qg4f3 Bc8b7
17.Qf3g3 Ra8d8
18.Nd2f3 Nc5e4
19.Qg3e1 c5
20.Nf3d2 a6
21.Nd2xe4 dxe4
22.Be2c4 Qf8f7
23.Qe1g3 b5
24.Bc4e2 Bb7d5
25.a3 c4
26.h4 Be7c5
27.b4 Bc5b6
28.Rc1d1 a5
29.h5 axb4
30.hxg6 Qf7xg6
31.Qg3xg6 hxg6
32.axb4 Bb6xe3
33.Kh1 Kg7
34.Kh2 Rd8h8
35.Kg3 Be3b6
36.Rf1h1 Rh8a8
37.Rd1a1 Ra8b8
38.Kh4 Bb6f2
39.Kg5 Bf2b6
40.g4 Rb8h8
41.Rh1xh8 Kxh8
42.Kxg6 Bb6e3
43.Kf7 { resign }
1-0

[Event "Tourn. n9416"]
[Site "www.chess-mail.com"]
[Date "2017.08.04"]
[Round "1"]
[White "Castletyme"]
[Black "Hundegana"]
[WhiteElo "2030"]
[BlackElo "2040"]
[Result "1-0"]
[Round "1"]
1.e4 g6
2.d4 Bf8g7
3.e5 e6
4.c3 d5
5.Ng1f3 f6
6.exf6 Qd8xf6
7.Bc1g5 Qf6f7
8.Bf1e2 Bc8d7
9.O-O h6
10.Bg5h4 Nb8c6
11.Nb1d2 g5
12.Bh4g3 O-O-O
13.a4 Ng8e7
14.b4 Ne7f5
15.Be2b5 Nf5xg3
16.fxg3 a6
17.Bb5xc6 bxc6
18.Nd2b3 Qf7g6
19.Nb3c5 Bg7f8
20.Nc5xd7 Rd8xd7
21.Nf3e5 Qg6e8
22.Ne5xd7 Kxd7
23.b5 axb5
24.axb5 cxb5
25.Qd1b1 c6
26.Ra1a7 Kd6
27.Qb1b4 c5
28.Qb4xc5 
1-0

[Event "Tourn. n9427"]
[Site "www.chess-mail.com"]
[Date "2017.08.04"]
[Round "1"]
[White "Coolant"]
[Black "Pdebonis"]
[WhiteElo "2260"]
[BlackElo "2700"]
[Result "0-1"]
[Round "1"]
1.Ng1f3 Ng8f6
2.g3 b6
3.Bf1g2 Bc8b7
4.O-O e6
5.d3 d5
6.Nb1d2 c5
7.Rf1e1 Nb8c6
8.c3 Bf8e7
9.e4 O-O
10.e5 Nf6d7
11.Qd1e2 b5
12.d4 b4
13.Nd2f1 Ra8b8
14.Bc1d2 Qd8b6
15.dxc5 Be7xc5
16.cxb4 Nc6xb4
17.Bd2xb4 Bc5xb4
18.Re1b1 f6
19.a3 Bb7a6
20.Qe2e3 Bb4c5
21.Qe3d2 fxe5
22.b4 Bc5e7
23.b5 Ba6b7
24.a4 Be7c5
25.a5 Qb6d6
26.Nf1e3 d4
27.Ne3c4 Qd6d5
28.Qd2a2 e4
29.Nf3d2 Rf8xf2
30.Bg2xe4 d3
31.Be4xd5 Bb7xd5
32.Qa2a3 Rf2g2
33.Kf1 Rg2g1

0-1

[Event "Tourn. n9466"]
[Site "www.chess-mail.com"]
[Date "2017.08.04"]
[Round "1"]
[White "Ffdd65"]
[Black "Bojan"]
[WhiteElo "2100"]
[BlackElo "1980"]
[Result "1-0"]
[Round "1"]
1.e4 e5
2.Ng1f3 Nb8c6
3.d4 exd4
4.Nf3xd4 Qd8f6
5.Nd4b5 Qf6e5
6.Qd1d5 Bf8d6
7.Nb1c3 Nc6b4
8.Nb5xd6 Qe5xd6
9.Qd5xd6 cxd6
10.Bf1d3 Ng8e7
11.a3 Nb4xd3
12.cxd3 b6
13.Nc3b5 Kd8
14.Nb5xd6 Rh8f8
15.Nd6xc8 Ra8xc8
16.O-O d5
17.f3 f6
18.Bc1f4 Kd7
19.Ra1c1 Ne7g6
20.Bf4g3 dxe4
21.fxe4 Rf8e8
22.Rc1c3 Ng6e5
23.Rf1c1 Rc8xc3
24.Rc1xc3 Ne5c6
25.b4 b5
26.Kf2 a6
27.Kf3 Re8c8
28.Ke3 g6
29.h4 h6
30.Rc3c5 Rc8e8
31.Rc5d5 Ke6
32.Rd5d6 { resign }
1-0

[Event "Match"]
[Site "www.echecsemail.com"]
[Date "2017.08.04"]
[Round "1"]
[White "Carazo"]
[Black "Cal"]
[WhiteElo "1760"]
[BlackElo "1640"]
[Result "0-1"]
[Round "1"]
1.Nb1c3 e5
2.e4 d6
3.h3 a6
4.Ng1f3 h6
5.d4 exd4
6.Qd1xd4 Nb8c6
7.Bc1f4 Ng8f6
8.Qd4c4 Bc8e6
9.Qc4d3 b5
10.O-O-O Bf8e7
11.g4 Nc6b4
12.Qd3d4 c5
13.Qd4e3 O-O
14.g5 Nf6h5
15.e5 Be6f5
16.Bf1d3 Bf5xd3
17.cxd3 d5
18.h4 d4
19.Qe3e4 dxc3
20.bxc3 Nb4xa2
21.Kb2 Qd8a5
22.Bf4d2 c4
23.Rd1a1 Qa5a3
{ resign }
0-1

[Event "Match"]
[Site "www.echecsemail.com"]
[Date "2017.08.04"]
[Round "1"]
[White "Motorhead99"]
[Black "Ericleo1980"]
[WhiteElo "1740"]
[BlackElo "2230"]
[Result "0-1"]
[Round "1"]
1.d4 d5
2.e3 Ng8f6
3.Bf1d3 c6
4.c3 Nb8d7
5.f4 e6
6.Nb1d2 Bf8d6
7.Ng1f3 O-O
8.Nf3e5 Bd6xe5
9.fxe5 Nf6e8
10.O-O f6
11.Qd1h5 g6
12.Bd3xg6 hxg6
13.Qh5xg6 Ne8g7
14.Rf1f3 Qd8e8
15.Qg6g3 fxe5
16.dxe5 Qe8h5
17.Rf3xf8 Nd7xf8
 { time }
0-1

[Event "Match"]
[Site "www.echecsemail.com"]
[Date "2017.08.04"]
[Round "1"]
[White "Azocarfreund"]
[Black "Llord"]
[WhiteElo "1969"]
[BlackElo "1900"]
[Result "0-1"]
[Round "1"]
1.Ng1f3 Nb8c6
2.Nb1c3 e5
3.e4 Bf8c5
4.Bf1c4 Ng8f6
5.h3 O-O
6.d3 d6
7.Bc1g5 h6
8.Bg5h4 Bc8e6
9.Bc4b5 a6
10.Bb5xc6 bxc6
11.Qd1d2 d5
12.O-O-O Bc5b4
13.Nf3xe5 Qd8d6
14.Bh4xf6 gxf6
15.Ne5f3 d4
16.e5 dxc3
17.Qd2xh6 fxe5
18.Nf3g5 Be6f5
19.g4 Qd6xh6
20.h4 Bf5xg4
21.Rd1g1 Bg4f3
22.Rh1h3 Bf3d5
23.Kb1 Kh8
24.b3 f6
25.Ng5f3 Qh6h5
26.Nf3h2 Bd5g2
27.Rh3g3 Bg2d5
28.Rg3g4 Bb4c5
29.Rg1f1 Bc5d6
30.Rf1g1 e4
31.dxe4 Bd6xh2
32.Rg1g2 Rf8g8
{ resign }
0-1

[Event "Match"]
[Site "www.echecsemail.com"]
[Date "2017.08.04"]
[Round "1"]
[White "Manolinex"]
[Black "Andregor"]
[WhiteElo "2880"]
[BlackElo "2540"]
[Result "1-0"]
[Round "1"]
1.Ng1f3 Ng8f6
2.g3 b6
3.Bf1g2 Bc8b7
4.O-O e6
5.b3 Bf8e7
6.Bc1b2 O-O
7.c4 d5
8.cxd5 Nf6xd5
9.Rf1e1 c5
10.d4 Nd5f6
11.Nb1c3 cxd4
12.Qd1xd4 Nb8c6
13.Qd4f4 Be7d6
14.Qf4a4 Qd8e7
15.Re1d1 a6
16.Nc3e4 Nf6xe4
17.Qa4xe4 Ra8d8
18.Nf3d4 Qe7f6
19.Qe4g4 Nc6e5
20.Qg4h5 Bb7xg2
21.Kxg2 Qf6e7
22.Ra1c1 Qe7b7
23.f3 b5
24.Nd4xe6 fxe6
25.Bb2xe5 Rf8f5
26.Qh5h4 g5
27.Rd1xd6 Rd8xd6
28.Qh4b4 Rf5xe5
29.Qb4xd6 Re5xe2
30.Kg1 Qb7xf3
31.Qd6d8 Qf3f8
32.Qd8xg5 Kh8
33.Rc1f1 Qf8a8
34.Qg5f6 Kg8
35.Qf6g5 Kh8
36.Qg5f6 Kg8
37.Qf6f7 Kh8
38.Rf1f3 Re2xa2
39.Qf7f6 Kg8
40.h4 Ra2d2
41.Qf6g5 Kh8
42.Qg5f6 Kg8
43.h5 Rd2d1
44.Kh2 Qa8d8
45.Qf6xe6 Kh8
46.Qe6e5 Kg8
47.Qe5f5 Rd1d2
48.Kh3 Qd8d7
49.Qf5xd7 Rd2xd7
50.Rf3f6 a5
51.Rf6b6 b4
52.Rb6a6 Rd7d5
53.Kh4 Rd5d3
54.Ra6xa5 h6
55.Ra5a8 Kf7
56.Ra8a7 Kg8
57.Ra7b7 Rd3xb3
58.Kg4 Rb3b1
59.Kf5 Rb1b3
60.g4 Rb3g3
61.Rb7xb4 Rg3c3
62.Rb4d4 Rc3c5
63.Kf4 Rc5c1
64.Rd4d8 Kg7
65.Rd8d7 Kg8
66.Kf5 Rc1c4
67.Rd7d6 Kg7
{ time. }
1-0

[Event "Match"]
[Site "www.echecsemail.com"]
[Date "2017.08.04"]
[Round "1"]
[White "Chapi"]
[Black "Blackygrey"]
[WhiteElo "2110"]
[BlackElo "1499"]
[Result "0-1"]
[Round "1"]
1.d4 d5
2.c4 c6
3.Nb1c3 Ng8f6
4.Bc1g5 e6
5.Ng1f3 dxc4
6.e4 b5
7.e5 h6
8.Bg5h4 g5
9.Nf3xg5 hxg5
10.Bh4xg5 Nb8d7
11.exf6 Qd8a5
12.Bf1e2 Bc8b7
13.O-O O-O-O
14.Qd1d2 c5
15.Rf1d1 b4
16.Nc3b1 Nd7b6
17.Qd2c2 cxd4
18.Be2xc4 Qa5xg5
19.Bc4d5 Kb8
20.Bd5xb7 Kxb7
21.Qc2e4 Kb8
22.Nb1d2 Qg5xf6
23.Nd2b3 e5
24.Ra1c1 Qf6h4
25.Qe4c6 Qh4xh2
26.Kf1 Rd8c8
27.Qc6b5 Bf8g7
28.Rc1c6 Qh2h1
29.Ke2 Qh1xg2
30.Nb3a5 Qg2e4
{ resign }
0-1

[Event "Match"]
[Site "www.echecsemail.com"]
[Date "2017.08.04"]
[Round "1"]
[White "Sonny1000"]
[Black "Mrmoto"]
[WhiteElo "1430"]
[BlackElo "1660"]
[Result "0-1"]
[Round "1"]
1.e4 e6
2.e5 d5
3.d4 c5
4.c4 Qd8b6
5.Qd1c2 Nb8c6
6.cxd5 Nc6xd4
7.Qc2d3 Qb6b4
8.Kd1 Ng8e7
9.b3 Ne7f5
10.Bc1a3 Qb4a5
11.b4 cxb4
12.Ba3c1 Bf8c5
13.Nb1d2 Qa5a4
14.Ke1 Nd4c2
15.Qd3xc2 Qa4xc2
16.Bf1b5 Bc8d7
17.Bb5xd7 Kxd7
18.g4 Nf5d4
19.a4 a5
20.Ng1f3 Nd4xf3
21.Ke2 Nf3xe5
22.Ra1a3 bxa3
23.Bc1xa3 Bc5xa3
24.Rh1b1 Qc2c7
25.dxe6 fxe6
26.Rb1b3 Ba3b4
27.Rb3g3 Ne5g6
28.Nd2b3 Qc7c2
29.Kf1 Rh8f8
30.Kg2 Qc2xf2
31.Kh3 Ng6f4
32.Kh4 Bb4e7
33.g5 Qf2xh2
34.Kg4 Qh2h5
{ resign }
0-1

[Event "Match"]
[Site "www.echecsemail.com"]
[Date "2017.08.04"]
[Round "1"]
[White "Ericleo1980"]
[Black "Chapi"]
[WhiteElo "2200"]
[BlackElo "2110"]
[Result "1-0"]
[Round "1"]
1.e4 c5
2.Ng1f3 Nb8c6
3.d4 cxd4
4.Nf3xd4 g6
5.Nd4xc6 bxc6
6.Qd1d4 f6
7.Bf1c4 e5
8.Qd4d3 Bf8c5
9.Qd3b3 Qd8b6
10.Bc4xg8 Bc5xf2
11.Kd1 Qb6d4
12.Nb1d2 d5
13.c3 Qd4d3
14.h3 Rh8xg8
15.exd5 Bc8a6
16.c4 Qd3xb3
17.axb3 Ba6b7
18.Nd2e4 cxd5
19.Ne4xf2 dxc4
20.Rh1g1 cxb3
21.Bc1d2 Ra8d8
22.Ra1xa7 Rg8g7
23.Kc1 Rg7d7
24.Bd2c3 Bb7d5
25.Ra7xd7 Rd8xd7
26.Nf2g4 Ke7
27.Ng4e3 Bd5e4
28.Rg1d1 Rd7xd1
29.Kxd1 Ke6
30.Ke2 f5
31.Kf2 Be4d3
32.h4 f4
33.Ne3g4 e4
34.Ng4e5 Bd3c2
35.Ne5c6 Kd5
36.Nc6b4 Kc4
37.Ke2 Bc2d3
38.Nb4xd3 exd3
39.Kf3 h6
40.Kxf4 Kd5
41.g4 Ke6
42.Ke3 h5
43.gxh5 gxh5
44.Kxd3 Kf5
45.Kc4 Kg4
46.Bc3f6 { resign }
1-0

[Event "1/32 Finale"]
[Site "www.chess-mail.com"]
[Date "2017.08.04"]
[Round "1"]
[White "Cjood"]
[Black "Piriot"]
[WhiteElo "1860"]
[BlackElo "2450"]
[Result "0-1"]
[Round "1"]
1.e4 e5
2.Ng1f3 Ng8f6
3.Nf3xe5 d6
4.Ne5f3 Nf6xe4
5.d4 d5
6.Nf3e5 Bf8d6
7.Bc1f4 O-O
8.Bf1d3 Qd8f6
9.Qd1f3 Rf8e8
10.O-O Nb8c6
11.Bd3xe4 dxe4
12.Qf3xe4 Bd6xe5
13.Rf1e1 Bc8f5
14.dxe5 Qf6g6
15.Qe4c4 Bf5xc2
16.Nb1d2 Bc2d3
17.Qc4c3 Ra8d8
18.Ra1d1 Nc6d4
19.Kh1 Nd4e2
20.Qc3b4 Rd8d4
21.Qb4b3 Ne2xf4
22.g3 Nf4e6
23.Qb3xb7 Qg6f5
24.Qb7xa7 Bd3e4
25.Re1xe4 Rd4xd2
26.Rd1xd2 Qf5xe4
27.f3 Qe4e1
{ resign }
0-1

[Event "Fast Game"]
[Site "www.echecsemail.com"]
[Date "2017.08.04"]
[Round "1"]
[White "Stevep84"]
[Black "Pellix84"]
[WhiteElo "1960"]
[BlackElo "1670"]
[Result "1-0"]
[Round "1"]
1.e4 c5
2.Ng1f3 d6
3.d4 cxd4
4.Nf3xd4 Ng8f6
5.Nb1c3 a6
6.Bf1c4 e6
7.O-O Bf8e7
8.Bc1e3 O-O
9.Bc4b3 Nb8d7
10.f4 Qd8c7
11.g4 b5
12.g5 Nf6e8
13.Qd1h5 Nd7c5
14.f5 f6
15.g6 { resign }
1-0

[Event "Tourn. n9396"]
[Site "www.chess-mail.com"]
[Date "2017.08.05"]
[Round "1"]
[White "Francesco"]
[Black "Lucaschess"]
[WhiteElo "2100"]
[BlackElo "2100"]
[Result "1/2-1/2"]
[Round "1"]
1.e4 e5
2.Ng1f3 Nb8c6
3.Bf1b5 a6
4.Bb5a4 Ng8f6
5.O-O Nf6xe4
6.Rf1e1 Ne4c5
7.Ba4xc6 dxc6
8.Nf3xe5 Bf8e7
9.d4 Nc5d7
10.Qd1h5 Nd7xe5
11.Qh5xe5 Bc8e6
12.c3 Be7f6
13.Qe5g3 O-O
14.Bc1f4 Ra8c8
15.Nb1d2 Bf6h4
16.Qg3d3 Rf8e8
17.Re1e2 Qd8d7
18.Ra1e1 Bh4e7
19.h3 Be7d6
20.Bf4g3 c5
21.Bg3xd6 Qd7xd6
22.Nd2e4 c4
23.Qd3d2 Qd6c6
24.Ne4g5 Be6d5
25.Re2xe8 Rc8xe8
26.Re1xe8 Qc6xe8
27.Qd2e3 Qe8d7
28.Qe3f4 f6
29.Ng5e4 b6
30.f3 a5
31.a3 { draw }
1/2-1/2

[Event "Tourn. n9431"]
[Site "www.chess-mail.com"]
[Date "2017.08.05"]
[Round "1"]
[White "Azulmarino"]
[Black "Pachi"]
[WhiteElo "1520"]
[BlackElo "1560"]
[Result "0-1"]
[Round "1"]
1.d4 d5
2.Nb1c3 e6
3.Ng1f3 Bf8b4
4.Bc1d2 Bb4xc3
5.Bd2xc3 Ng8f6
6.e3 Nf6e4
7.Bf1d3 O-O
8.Bd3xe4 dxe4
9.Nf3e5 f6
10.Ne5g4 f5
11.Ng4e5 Qd8g5
12.O-O b6
13.f3 Qg5xe3
14.Rf1f2 exf3
15.Ne5xf3 Bc8b7
16.Bc3d2 Qe3xd4
17.Bd2c3 Qd4g4
18.h3 Qg4g3
19.Bc3e5 f4
20.Be5xf4 Qg3xf4
21.Qd1e1 Qf4g3
22.Kf1 Bb7xf3
23.Qe1xe6 Kh8
24.gxf3 Nb8a6
25.Ra1d1 Rf8xf3
26.Rf2xf3 Qg3xf3
27.Ke1 Qf3g3
28.Kd2 Ra8d8
29.Kc1 Qg3g5
30.Rd1d2 Qg5xd2
31.Kb1 Qd2d1
{ resign }
0-1

[Event "Tourn. n9428"]
[Site "www.chess-mail.com"]
[Date "2017.08.05"]
[Round "1"]
[White "Awfen"]
[Black "Claymil"]
[WhiteElo "2030"]
[BlackElo "2040"]
[Result "1-0"]
[Round "1"]
1.e4 c5
2.Bf1c4 Nb8c6
3.Ng1f3 e6
4.O-O g6
5.c3 Bf8g7
6.d3 h6
7.Nb1d2 Ng8e7
8.a3 d5
9.exd5 exd5
10.Bc4b5 O-O
11.Bb5a4 a6
12.Ba4b3 b5
13.Bb3c2 Bc8b7
14.Nd2b3 Qd8d6
15.d4 c4
16.Nb3c5 Bb7c8
17.Qd1e1 Rf8e8
18.Bc1e3 Bc8f5
19.Bc2d1 g5
20.h3 Ne7g6
21.Qe1d2 f6
22.Nf3h2 Ng6h4
23.Kh1 Bf5g6
24.f4 Nh4f5
25.Nh2g4 Nf5g3
26.Kg1 Ng3xf1
27.Kxf1 h5
28.Ng4h2 Qd6e7
29.Kf2 a5
30.f5 Bg6f7
31.Nc5e6 Nc6d8
32.Ne6xg7 Kxg7
33.Nh2f1 Qe7e4
34.Nf1g3 Qe4e7
35.Ng3xh5 Kh6
36.Nh5g3 Qe7d7
37.Bd1g4 Nd8c6
38.h4 Re8g8
39.hxg5 fxg5
40.Ra1h1 Kg7
41.f6 { resign }
1-0

[Event "Tourn. n9461"]
[Site "www.chess-mail.com"]
[Date "2017.08.05"]
[Round "1"]
[White "Falcoale"]
[Black "Fantomas"]
[WhiteElo "2100"]
[BlackElo "1910"]
[Result "0-1"]
[Round "1"]
1.e4 c5
2.Ng1f3 d6
3.b3 Ng8f6
4.Bc1b2 e6
5.Bf1d3 Nb8c6
6.O-O Bf8e7
7.c3 O-O
8.h3 b6
9.Bd3c2 e5
10.Rf1e1 Bc8e6
11.d3 Qd8d7
12.Nb1d2 h6
13.d4 cxd4
14.cxd4 exd4
15.Nf3xd4 Nc6xd4
16.Bb2xd4 Rf8d8
17.Qd1e2 Ra8c8
18.Nd2c4 Qd7c6
19.Bc2d3 d5
20.Bd4xf6 dxc4
21.Bf6xe7 cxd3
22.Qe2e3 Rd8d7
23.Ra1c1 Qc6b7
24.Be7b4 Rc8c2
25.Re1d1 Qb7c6
26.Bb4a3 d2
27.Rc1xc2 Qc6xc2
28.Qe3e2 a5
29.f4 Qc2xa2
{ resign }
0-1

[Event "Tourn. n9457"]
[Site "www.chess-mail.com"]
[Date "2017.08.05"]
[Round "1"]
[White "Prize64"]
[Black "Cjood"]
[WhiteElo "2040"]
[BlackElo "2210"]
[Result "0-1"]
[Round "1"]
1.e4 e6
2.d4 d5
3.Nb1c3 dxe4
4.Nc3xe4 b6
5.Qd1f3 c6
6.c3 h6
7.Bf1d3 Ng8f6
8.Ng1e2 Nf6xe4
9.Bd3xe4 Bc8b7
10.O-O Qd8c7
 { time }
0-1

[Event "Tourn. n9457"]
[Site "www.chess-mail.com"]
[Date "2017.08.05"]
[Round "1"]
[White "Francesco"]
[Black "Prize64"]
[WhiteElo "2120"]
[BlackElo "2040"]
[Result "1-0"]
[Round "1"]
1.e4 c5
2.Ng1f3 Nb8c6
3.c3 d5
4.exd5 Qd8xd5
5.d4 cxd4
6.Nf3xd4 Nc6xd4
7.Qd1xd4 Qd5xd4
8.cxd4 Ng8f6
9.Bc1g5 Nf6e4
10.Bg5f4 e6
11.a3  { time }
1-0

[Event "Tourn. n9452"]
[Site "www.chess-mail.com"]
[Date "2017.08.05"]
[Round "1"]
[White "Redapond1"]
[Black "Jackbauer"]
[WhiteElo "1800"]
[BlackElo "1900"]
[Result "0-1"]
[Round "1"]
1.d4 d5
2.Bc1f4 Nb8c6
3.Nb1c3 e6
4.Nc3b5 Bf8d6
5.Bf4xd6 cxd6
6.Ng1f3 Qd8a5
7.Nb5c3 Ng8f6
8.e3 a6
 { time }
0-1